| 000 | 01281nam a2200325 4500 | ||
|---|---|---|---|
| 005 | 20240530110950.0 | ||
| 008 | 221212s2022 ua acf f b 000 0 ara d | ||
| 017 |
_a2022/2754 _bمصر. دار الكتب |
||
| 020 | _a9789776809802 | ||
| 040 |
_aEG-CaGPL _cEG-CaGPL |
||
| 082 | 0 | 4 |
_221 _a746.41 _bق/ع ن |
| 100 | 0 | _aعبدالرحيم خلف عبدالرحيم | |
| 245 | 1 | 2 |
_aالنسيج الشرقة واثرة على اوربا : _bمصر الاسلامية نموذجا / _cعبدالرحيم خلف عبدالرحيم |
| 250 | _aط.1 | ||
| 260 |
_aالقاهرة : _bالمؤسسة الدولية للكناب، _c2022. |
||
| 300 |
_a201 ص. : _bايض ؛ _c24 سم. |
||
| 504 | _aيشتمل على ارجاعات ببليوجرافية | ||
| 650 | 0 | 7 |
_2qrmak _aالمنسوجات _xتصميم |
| 650 | 0 | 7 |
_2qrmak _aالمنسوجات _xصناعة وتجارة |
| 650 | 0 | 7 |
_2qrmak _aطباعة المنسوجات |
| 650 | 0 | 7 |
_2qrmak _aالغزل والنسيج |
| 650 | 0 | 7 |
_2qrmak _aالصوف |
| 650 | 0 | 7 |
_2qrmak _aالكتان |
| 650 | 0 | 7 |
_2qrmak _aالمفروشات |
| 650 | 0 | 7 |
_2qrmak _aالمنسوجات _zاوربا |
| 651 | _2qrmak | ||
| 653 | 0 | _aالمنسوجات الشرقية | |
| 942 |
_2ddc _cBK |
||
| 999 |
_c66988 _d66988 |
||